The miracle of creation in plants

Bibliographic Details
Main Author: Harun Yahya
Format: Book
Published: New Delhi : Goodword books , 2005
Subjects:

MARC

LEADER 00000cam a2200000 7i4500
001 0000029316
005 20100506.0
008 100506
020 |a 8178980177 
090 0 0 |a 580   |b HAR 
100 1 |a Harun Yahya 
245 1 0 |a The miracle of creation in plants   |c Harun Yahya 
260 |a New Delhi :   |b Goodword books ,   |c 2005 
650 0 |a Plants 
999 |a 0001059800   |b Book   |c Adult Collection   |e Perbadanan Perpustakaan Awam Johor 
999 |a 0001059801   |b Book   |c Adult Collection   |e Cawangan Urban Transformation Centre 
999 |a 0001059802   |b Book   |c Adult Collection   |e Cawangan Urban Transformation Centre 
999 |a 0001059803   |b Book   |c Adult Collection   |e Cawangan Urban Transformation Centre